| 000 | 03496cam a2200493 i 4500 | ||
|---|---|---|---|
| 999 |
_c118992 _d118992 |
||
| 001 | 19981122 | ||
| 003 | BJBSDDR | ||
| 005 | 20230805181423.0 | ||
| 006 | a|||||r|||| 00| 0 | ||
| 007 | ta | ||
| 008 | 170907s2017 nyu b 000 0 eng | ||
| 010 | _a 2017027814 | ||
| 020 | _a9781501180446 (pbk.) | ||
| 020 | _a1501180444 (pbk.) | ||
| 020 | _z9781501180453 (ebook) | ||
| 040 |
_aDLC _beng _cDLC _erda _dDLC |
||
| 041 | _aeng | ||
| 042 | _apcc | ||
| 043 | _an-us--- | ||
| 050 | 1 | 4 |
_aJS 331 _bL776r 2017 |
| 082 | 0 | 0 | _a324.70973 |
| 100 | 1 |
_aLitman, Amanda _929268 |
|
| 245 | 1 | 0 |
_aRun for something : _ba real-talk guide to fixing the system yourself / _cAmanda Litman. |
| 250 | _aFirst Atria paperback edition. | ||
| 264 | 1 |
_aNew York : _bAtria Paperback, _c2017 |
|
| 300 |
_axviii, 221 pages ; _c24 cm. |
||
| 336 |
_atext _btxt _2rdacontent |
||
| 337 |
_aunmediated _bn _2rdamedia |
||
| 338 |
_avolume _bnc _2rdacarrier |
||
| 504 | _aIncludes bibliographical references. | ||
| 505 | 0 | _aIntro; Dedication; Introduction: Why I Wrote This Book; What's the Worst that Could Happen? by Secretary Hillary Rodham Clinton; 1. Why You Have to Run for Office; A Pep Talk by Emmy Ruiz; 2. Why Winning Isn't Everything (Or, an Excuse to Talk About the Utter Bullshit that Is the Uncontested Election); 3. Civics 101: How Government (Generally) Works at the Federal and State Levels (Or, Why You Should Run for Local Office); 4. Why You Can Actually Run for State Legislature; Running as a Progressive in a Red State by Jason Kander; Do Something by Senator Cory Booker; 5. How to Run for Office Running a Campaign: Tips from an Expert by Jen O'Malley Dillon6. Mobilization (Or, How You Reach Voters); 7. Message (Or, What You Talk to Voters About); 8. Money (Or, How to Raise What You Need); 9. Writing your Campaign Plan; Make Local Elections Great Again by Addisu Demissie; 10. So You're not Running for Office (Yet); Seven Questions with John Podesta; 11. Why I Made Campaigns a Career (and Why You Should Too); Campaigns Will Change Your Life by Marlon Marshall; Politics Isn't Broken by Teddy Goff; 12. How to Actually get a Job on a Political Campaign 13. Phone Calls and Tweeting and Marching, Oh My (Or, Activism 101)Conclusion; Appendix; Acknowledgments; About the Author; Notes; Copyright | |
| 520 | _aFrom the e-mail marketing director of Hillary Clinton's presidential campaign and the co-founder of Run for Something; comes an essential and inspiring guide that encourages and educates young progressives to run for local office, complete with contributions from elected officials and political operatives. | ||
| 650 | 0 |
_aLocal government _zUnited States _xCitizen participation. |
|
| 650 | 0 |
_aPolitical participation _zUnited States. |
|
| 650 | 0 |
_aLocal elections _zUnited States. |
|
| 650 | 4 |
_aGobierno local _xParticipación ciudadana _zEstados Unidos _929269 |
|
| 650 | 4 |
_aParticipación política _zEstados Unidos _9413 |
|
| 650 | 4 |
_aElecciones locales _zEstados Unidos _929271 |
|
| 650 | 4 |
_aElecciones municipales _zEstados Unidos _929270 |
|
| 776 | 0 | 8 |
_iOnline version: _aLitman, Amanda, author. _tRun for something _bFirst Atria paperback edition. _dNew York : Atria Paperback, [2017] _z9781501180453 _w(DLC) 2017043309 |
| 906 |
_a7 _bcbc _corignew _d1 _eecip _f20 _gy-gencatlg |
||
| 942 |
_2lcc _cBK |
||